000 00485nam a2200181Ia 4500
005 20250508155342.0
008 008 250505s9999 xx 000 0 hin d
037 _aTextual
040 _aFEDL
_beng
_cFEDL
041 _ahin
_2eng
084 _a401, SAX
_qFEDL
100 _aSaxena Babu Ram
_9757590
245 0 _aSamanaya bhasha vigyan
260 _aPrayag, India
_bHindi Sahitya Sammelan
300 _a360p
942 _cTEXL
_h401, SAX
999 _c1356252
_d1356252